Costa Rica: Crisis y desafíos
Reflexiona acerca de la situación del momento actual, cuando la crisis general se profundiza cada vez más, lo mismo que el proceso de división y alejamiento de los pueblos, proceso que ayuda al crecimiento de la injusticia. El autor señala que los pueblos deben unirse por medio del intercambio cultu...
Enregistré dans:
| Collectivité auteur: | |
|---|---|
| Format: | Inconnue |
| Publié: |
San José:
Departamento Ecuménico de Investigaciones
|
| Sujets: | |
| Tags: |
Ajouter un tag
Pas de tags, Soyez le premier à ajouter un tag!
|
MARC
| LEADER | 00000 a2200000 04500 | ||
|---|---|---|---|
| 001 | 13263 | ||
| 003 | |||
| 008 | 991231s d | ||
| 040 | |||
| 020 | |a 9977-904-50-2 | ||
| 022 | |a 9977-904-50-2 | ||
| 090 | |a 018612 | ||
| 110 | |a Centro de Estudios para la Acción Social | ||
| 245 | |a Costa Rica: Crisis y desafíos | ||
| 260 | |a San José: |b Departamento Ecuménico de Investigaciones | ||
| 300 | |a 219 p. | ||
| 520 | |a Reflexiona acerca de la situación del momento actual, cuando la crisis general se profundiza cada vez más, lo mismo que el proceso de división y alejamiento de los pueblos, proceso que ayuda al crecimiento de la injusticia. El autor señala que los pueblos deben unirse por medio del intercambio cultural, comercial y tecnológico para, conjuntamente, hacer frente a la grave crisis y tener posibilidad de salir a flote. LOB/mb | ||
| 650 | |a LUCHA DE CLASES | ||
| 650 | |a LIBERTAD DE OPINION | ||
| 650 | |a RECESION ECONOMICA | ||
| 650 | |a ORGANIZACIONES INTERNACIONALES | ||
| 650 | |a BURGUESIA | ||
| 650 | |a MOVIMIENTOS SOCIALES | ||
| 650 | |a MOVIMIENTOS POPULARES | ||
| 650 | |a ORGANIZACIONES POPULARES | ||
| 999 | |c 9566 |d 9566 | ||



